000 01392cam a2200325 i 4500
999 _c126817
_d126817
001 18134927
003 ARRUPE
005 20170829113236.0
008 140429s2015 ilua b 001 0 eng c
010 _a 2014016857
020 _a9780226184487 (cloth : alk. paper)
020 _z9780226184517 (e-book)
040 _aICU/DLC
_beng
_cICU
_erda
_dDLC
042 _apcc
050 0 0 _aBL240.3
_b.H365 2015
082 0 0 _a201/.65
_223
100 1 _aHarrison, Peter,
_d1955-
_eauthor.
_935345
245 1 4 _aThe territories of science and religion /
_cPeter Harrison.
260 _aChicago
_bThe University of Chicago Press
_c2015
300 _axiii, 300 p. :
_c24 cm
504 _aIncludes bibliographical references (page 255-285) and index.
505 0 _aThe territories of science and religion -- The cosmos and the religious quest -- Signs and causes -- Science and the origins of "religion" -- Utility and progress -- Professing science.
650 0 _aReligion and science.
_935346
650 0 _aScience
_xHistory.
_935347
906 _a7
_bcbc
_corignew
_d1
_eecip
_f20
_gy-gencatlg
942 _2lcc
_cMONOGRAPH